00600cam a2200205 4500001001300000003000400013005001700017008004100034010001700075025001900092040001800111050002300129110007100152245004200223260001900265300001800284500003700302700003800339999001700377sa 68019595 DLC20260227112718.0720413s1967 pk 000 0 eng  asa 68019595  aPL480:EP-E-481 aDLCcDLCdDLC00aPK1651.C4bA6 19672 aCentral Board for Development of Bengali (East Pakistan, Pakistan)10aResolution and bye-rules, June, 1967. aDaccac[1967?] a39 p.c24 cm. a"Issued by Muhammad Enamul Haq."1 aHaq, Muhammad Enamul,d1906-1982. c88980d88980